000
00199 a2200097 4500
001
5504
100
_a
Roberts,A
245
_a
Strategy civilian defence
260
_a
_b
Faber
_c
090
_c
4517
_d
4517
942
_a
NUST-CAE
_c
M
_c
30842
999
_c
240577
_d
240577